000 00174 a2200073 4500
020 _a9780684857213
082 _a646.75 SCH
245 _aTHE NEW ENCYCLOPEDIA of MODERN BODYBUILDING
999 _c794136
_d794135
942 _w223
_xZanele Mgwenya
_y223
_zZanele Mgwenya